| 000 | 00435nam a2200109Ia 4500 | ||
|---|---|---|---|
| 008 | 220204s9999 xx 000 0 und d | ||
| 082 |
_aNR:334.4(540.17) _bVIS |
||
| 100 | _aVISWANATHAN, P K | ||
| 245 | 0 | _aCo-operatives and collective action : Case of a rubber grower co-operative in East Garo Hills in Meghalaya, North East India. Working paper No.189 | |
| 260 |
_aGujarat Institute of Development Research _bAhmedabad;2008 |
||
| 942 | _cBK | ||
| 999 |
_c44490 _d44490 |
||